|
|
|
|
| LEADER |
02564nam a22003853i 4500 |
| 001 |
EBC6956053 |
| 003 |
MiAaPQ |
| 005 |
20231204023223.0 |
| 006 |
m o d | |
| 007 |
cr cnu|||||||| |
| 008 |
231204s2019 xx o ||||0 ger d |
| 020 |
|
|
|a 9783839446867
|q (electronic bk.)
|
| 020 |
|
|
|z 9783837646863
|
| 035 |
|
|
|a (MiAaPQ)EBC6956053
|
| 035 |
|
|
|a (Au-PeEL)EBL6956053
|
| 035 |
|
|
|a (OCoLC)1135569857
|
| 040 |
|
|
|a MiAaPQ
|b eng
|e rda
|e pn
|c MiAaPQ
|d MiAaPQ
|
| 100 |
1 |
|
|a Kruska, Alexander.
|
| 245 |
1 |
4 |
|a Die Polemik der Restauration :
|b Metapolemische und ideengeschichtliche Betrachtungen zum Initialband der Restaurationsschrift Karl Ludwig von Hallers.
|
| 250 |
|
|
|a 1st ed.
|
| 264 |
|
1 |
|a Bielefeld :
|b transcript,
|c 2019.
|
| 264 |
|
4 |
|c ©2019.
|
| 300 |
|
|
|a 1 online resource (429 pages)
|
| 336 |
|
|
|a text
|b txt
|2 rdacontent
|
| 337 |
|
|
|a computer
|b c
|2 rdamedia
|
| 338 |
|
|
|a online resource
|b cr
|2 rdacarrier
|
| 490 |
1 |
|
|a Edition Politik
|
| 505 |
0 |
|
|a Cover -- Inhalt -- 1 Ein Buch gegen die Revolution: Präliminarien -- 1.1 Zur Notwendigkeit der Polemikanalyse -- 1.2 Forschungsinteresse, Anlage und Gang der Untersuchung -- 2 Zur Rezeptionsgeschichte der „Restauration" -- 3 Polemikanalyse als Untersuchungsmethode -- 3.1 Zur Geschichte des Polemikbegriffs bis auf Haller -- 3.2 Grundlagen eines analytischen Polemikbegriffs -- 3.3 Die Konstruktion der Leserschaft durch den Polemiker -- 3.4 Polemische Überredung als das Hervorbringen der eigenen Leserschaft -- 4 Untersuchung des Argumentationsgangs: Gehalt und Polemikanalyse -- 4.1 Die linke Seite der Argumentation: „Radikal-Irrthum" und Traditionsbruch -- 4.2 Die rechte Seite der Argumentation: Die „entgegengesetzte Doktrin" -- 4.3 Die abschliessenden Erläuterungen der Schrift -- 5 Polemik und politische Wissenschaft: Resümee -- Literaturverzeichnis -- Ungedruckte Quellen: -- Herangezogene Schriften Karl Ludwig von Hallers: -- Weitere gedruckte Quellen und Literatur:.
|
| 588 |
|
|
|a Description based on publisher supplied metadata and other sources.
|
| 590 |
|
|
|a Electronic reproduction. Ann Arbor, Michigan : ProQuest Ebook Central, 2023. Available via World Wide Web. Access may be limited to ProQuest Ebook Central affiliated libraries.
|
| 655 |
|
4 |
|a Electronic books.
|
| 776 |
0 |
8 |
|i Print version:
|a Kruska, Alexander
|t Die Polemik der Restauration
|d Bielefeld : transcript,c2019
|z 9783837646863
|
| 797 |
2 |
|
|a ProQuest (Firm)
|
| 830 |
|
0 |
|a Edition Politik
|
| 856 |
4 |
0 |
|u https://ebookcentral.proquest.com/lib/matrademy/detail.action?docID=6956053
|z Click to View
|